| 000 | 00484nam a2200169 a 4500 | ||
|---|---|---|---|
| 001 | 2431 | ||
| 005 | 20140414131938.0 | ||
| 008 | 050601s19uu xx 00 eng d | ||
| 050 |
_aER _bB56 1994 |
||
| 100 | _aMilne, A. A. | ||
| 245 |
_aBlackberry surprise / _cBased on the Pooh stories by A.A. Milne. |
||
| 260 |
_aHong Kong : _bThe Walt Disney, _c1994. |
||
| 300 | _ap. : ill. ; cm. | ||
| 440 | _aWinnie the Pooh and his friends | ||
| 650 | _aChildren stories. | ||
| 999 |
_c112500 _d112500 |
||